La informacin̤ financiera en los procesos concursales

Detalles Bibliográficos
Autor principal: Torvisco Manchn̤, Beatriz
Formato: Desconocido
Lenguaje:español
Publicado: Barcelona : BOSCH EDITOR, 2005
Materias:
Acceso en línea:Acceso restringido

MARC

LEADER 00000ny a22000003n 4500
005 20110623170252.0
006 m u
007 cr cn|||||||||
008 200805r20052008sp |||||s|||||||||||spa d
020 |a 9788476987384 
035 |a 740 
040 |a FlNmELB  |c FlNmELB  |d vlex 
050 1 4 |a KKT1942  |b T712 2005eb 
080 |a 343.535(460) 
090 |c 1191  |d 1191 
100 1 |a Torvisco Manchn̤, Beatriz 
245 1 3 |a La informacin̤ financiera en los procesos concursales  |h [Recurso electrn̤ico]  |c Beatriz Torvisco Manchn̤ 
256 |a Servicio en ln̕ea 
260 |a Barcelona :  |b BOSCH EDITOR,  |c 2005 
300 |a 7-129 p 
506 1 |a Contenido solo disponible en los productos indicados  |d vLex Global  |d vLex Global (Academic Edition, excluding Law Schools)  |d vLex Global (U.S. Academic Edition, Law Schools)  |d vLex Global (U.S. Academic Edition, excluding Law Schools)  |d vLex Global (Academic Edition, Law Schools) 
650 0 7 |a Concursos  |2 Tesauro vLex 
650 0 7 |a Concurso de acreedores  |2 Tesauro vLex 
650 0 7 |a Derecho concursal  |2 Tesauro vLex 
740 0 |a vLex Libros (Servicios en ln̕ea) 
856 4 0 |z Acceso restringido  |u http://vlex.com/source/informacion-financiera-procesos-concursales-740 
942 |c BOOK